[Event "Andorra op 35th"]
[Site "Escaldes"]
[Date "2017.07.30"]
[Round "9"]
[White "Loiseau, Quentin"]
[Black "Cortes Jurado, Rafael"]
[Result "1-0"]
[WhiteElo "2424"]
[BlackElo "2097"]
[PlyCount "51"]
[EventDate "2017.07.22"]
[EventType "swiss"]
[EventRounds "9"]
[EventCountry "AND"]
[SourceTitle "CBM 179 Extra"]
[Source "ChessBase"]
[SourceDate "2017.08.23"]
[SourceVersion "1"]
[SourceVersionDate "2017.08.23"]
[SourceQuality "1"]

1. Nf3 Nf6 2. c4 g6 3. Nc3 d5 4. Qa4+ c6 5. cxd5 Nxd5 6. Qd4 f6 7. e4 Nb6 8. Qxd8+ Kxd8 9. d4 Be6 10. Bd3 N8d7 11. Bf4 Bg7 12. 0-0-0 Ke8 13. h3 Kf7 14. Bc2 h5 15. d5 cxd5 16. exd5 Bf5 17. Bxf5 gxf5 18. Nh4 Rac8 19. Nxf5 Rc4 20. g3 Na4 21. Rhe1 Ne5 22. Nxg7 Nxc3 23. bxc3 Kxg7 24. Rxe5 Rxf4 25. Rxe7+ Kf8 26. Rde1 1-0

[Event "Andorra op 35th"]
[Site "Escaldes"]
[Date "2017.07.25"]
[Round "4"]
[White "Cortes Jurado, Rafael"]
[Black "Llaneza Vega, Patricia"]
[Result "1-0"]
[WhiteElo "2097"]
[BlackElo "2271"]
[PlyCount "47"]
[EventDate "2017.07.22"]
[EventType "swiss"]
[EventRounds "9"]
[EventCountry "AND"]
[SourceTitle "CBM 179 Extra"]
[Source "ChessBase"]
[SourceDate "2017.08.23"]
[SourceVersion "1"]
[SourceVersionDate "2017.08.23"]
[SourceQuality "1"]

1. e4 c5 2. c3 d5 3. exd5 Qxd5 4. d4 Nc6 5. Nf3 Bf5 6. Be3 Nf6 7. c4 Qd7 8. d5 Nb4 9. Na3 Qc7 10. Be2 Ng4 11. 0-0 Nxe3 12. fxe3 0-0-0 13. Nb5 Qb6 14. Ne5 Bg6 15. a3 Na6 16. Nxf7 Bxf7 17. Rxf7 Nc7 18. Nxc7 Qxc7 19. Qd3 g6 20. Bg4+ Kb8 21. Qc3 Bh6 22. Rd1 Qd6 23. b4 Bg5 24. bxc5 1-0

[Event "Madrid-chT 1617"]
[Site "Madrid"]
[Date "2017.03.11"]
[Round "13.12"]
[White "Cortes Jurado, Rafael"]
[Black "Rodriguez Cespedes, Amador"]
[Result "0-1"]
[WhiteElo "2119"]
[BlackElo "2424"]
[PlyCount "62"]
[EventDate "2016.11.20"]
[EventType "team-tourn"]
[EventRounds "14"]
[EventCountry "ESP"]
[SourceTitle "EXT 2018"]
[Source "ChessBase"]
[SourceDate "2017.10.13"]
[SourceVersion "1"]
[SourceVersionDate "2017.10.13"]
[SourceQuality "1"]
[WhiteTeam "Moratalaz"]
[BlackTeam "64 Villalba"]
[WhiteTeamCountry "ESP"]
[BlackTeamCountry "ESP"]

1. e4 d5 2. exd5 Qxd5 3. Nc3 Qa5 4. d4 c6 5. Bc4 Nf6 6. Bd2 Bf5 7. Nf3 e6 8. Qe2 Bb4 9. 0-0-0 Nbd7 10. Ne5 Nxe5 11. dxe5 Nd5 12. Nxd5 Bxd2+ 13. Rxd2 cxd5 14. Bb3 0-0-0 15. Rd4 Kb8 16. f3 Rc8 17. a3 Rc6 18. Kb1 Rhc8 19. Rd2 Qc7 20. Rc1 Rc5 21. Ka2 b5 22. c3 b4 23. Rd4 bxc3 24. Rb4+ Ka8 25. bxc3 Rxc3 26. Rxc3 Qxc3 27. Qb2 Qc5 28. Ba4 Bd3 29. Bb5 Bxb5 30. Rxb5 Qc4+ 31. Kb1 Qxb5 0-1

[Event "Madrid-chT 1617"]
[Site "Madrid"]
[Date "2017.02.19"]
[Round "10.13"]
[White "Garcia Cuenca, Victor Manuel"]
[Black "Cortes Jurado, Rafael"]
[Result "0-1"]
[WhiteElo "2339"]
[BlackElo "2119"]
[PlyCount "88"]
[EventDate "2016.11.20"]
[EventType "team-tourn"]
[EventRounds "14"]
[EventCountry "ESP"]
[SourceTitle "EXT 2018"]
[Source "ChessBase"]
[SourceDate "2017.10.13"]
[SourceVersion "1"]
[SourceVersionDate "2017.10.13"]
[SourceQuality "1"]
[WhiteTeam "Liberty Chess"]
[BlackTeam "Moratalaz"]
[WhiteTeamCountry "ESP"]
[BlackTeamCountry "ESP"]

1. d4 Nf6 2. Nf3 g6 3. g3 Bg7 4. Bg2 0-0 5. 0-0 d5 6. c4 c6 7. cxd5 cxd5 8. Ne5 Nc6 9. Nc3 e6 10. Nxc6 bxc6 11. Na4 Nd7 12. Bf4 e5 13. dxe5 Nxe5 14. Rc1 Bd7 15. b3 Qe7 16. Qd2 Rfe8 17. Rfe1 Rab8 18. Be3 Bf5 19. Bc5 Qd7 20. Bd4 Nd3 21. Bxg7 Nxe1 22. Bb2 Nxg2 23. Qd4 Kf8 24. Qg7+ Ke7 25. Ba3+ Kd8 26. Qf6+ Kc7 27. Nc5 Qc8 28. Qxf7+ Kb6 29. e4 Bh3 30. Nd3 Qd7 31. Qf6 dxe4 32. Ne5 Qd5 33. Nxc6 Re6 34. Ne7 Qd2 35. Qf7 Rd8 36. Bc5+ Ka6 37. Rf1 e3 38. Nc6 Rd7 39. Nb8+ Kb5 40. Nxd7 e2 41. a4+ Ka5 42. b4+ Kxa4 43. Ra1+ Kb3 44. Qf3+ Ne3 0-1

[Event "Madrid-chT 1617"]
[Site "Madrid"]
[Date "2017.02.12"]
[Round "9.43"]
[White "Cortes Jurado, Rafael"]
[Black "Espinosa Aranda, Angel"]
[Result "0-1"]
[WhiteElo "2119"]
[BlackElo "2442"]
[PlyCount "58"]
[EventDate "2016.11.20"]
[EventType "team-tourn"]
[EventRounds "14"]
[EventCountry "ESP"]
[SourceTitle "EXT 2018"]
[Source "ChessBase"]
[SourceDate "2017.10.13"]
[SourceVersion "1"]
[SourceVersionDate "2017.10.13"]
[SourceQuality "1"]
[WhiteTeam "Moratalaz"]
[BlackTeam "Virgen de Atocha"]
[WhiteTeamCountry "ESP"]
[BlackTeamCountry "ESP"]

1. d4 e6 2. c4 b6 3. Nc3 Bb7 4. e4 Bb4 5. Qc2 Qh4 6. Bd3 f5 7. d5 fxe4 8. Bxe4 Nf6 9. Bd3 0-0 10. Nf3 Qh5 11. Bd2 Na6 12. 0-0-0 Nc5 13. Rhe1 Nxd3+ 14. Qxd3 exd5 15. cxd5 Rae8 16. Qc4 Bd6 17. Rxe8 Rxe8 18. Bg5 Qg4 19. Qf1 Bf4+ 20. Bxf4 Qxf4+ 21. Kb1 Nxd5 22. Nxd5 Qe4+ 23. Ka1 Bxd5 24. Rd4 Qe6 25. Qd1 Bxa2 26. Rxd7 Bb3 27. Qd2 Qc4 28. Rxg7+ Kxg7 29. Qd7+ Kf8 0-1

[Event "Madrid-chT 1617"]
[Site "Madrid"]
[Date "2016.11.27"]
[Round "2.12"]
[White "Cortes Jurado, Rafael"]
[Black "Rubio Mejia, Luis Ignacio"]
[Result "0-1"]
[WhiteElo "2119"]
[BlackElo "2443"]
[PlyCount "82"]
[EventDate "2016.11.20"]
[EventType "team-tourn"]
[EventRounds "14"]
[EventCountry "ESP"]
[SourceTitle "EXT 2018"]
[Source "ChessBase"]
[SourceDate "2017.10.13"]
[SourceVersion "1"]
[SourceVersionDate "2017.10.13"]
[SourceQuality "1"]
[WhiteTeam "Moratalaz"]
[BlackTeam "Virgen de Atocha"]
[WhiteTeamCountry "ESP"]
[BlackTeamCountry "ESP"]

1. d4 Nf6 2. c4 e6 3. Nc3 Bb4 4. e3 0-0 5. Bd3 d5 6. Nf3 c5 7. 0-0 dxc4 8. Bxc4 Nbd7 9. a3 cxd4 10. axb4 dxc3 11. bxc3 Qc7 12. Qe2 b6 13. Bb2 Bb7 14. Ba6 Ne4 15. Bxb7 Qxb7 16. c4 Rfc8 17. Nd4 Nd6 18. Rac1 e5 19. Nf3 f6 20. Rfd1 Nf7 21. Qd3 Nf8 22. Qb3 Rc7 23. Ba3 Rac8 24. Qa2 Nd7 25. h3 Qc6 26. Qb3 Qe6 27. Rd5 f5 28. c5 bxc5 29. bxc5 Nb8 30. Rcd1 Nc6 31. Qa4 e4 32. Nh4 Nce5 33. Qa5 g5 34. Rd8+ Nxd8 35. Rxd8+ Rxd8 36. Qxc7 Rc8 37. Qb7 gxh4 38. Bb2 Nf7 39. Qxa7 f4 40. c6 f3 41. Qd4 Qg6 0-1

[Event "Collado Villalba op-A 32nd"]
[Site "Collado Villalba"]
[Date "2015.08.29"]
[Round "8"]
[White "Aziz Ortego, Omar Luis"]
[Black "Cortes Jurado, Rafael"]
[Result "1/2-1/2"]
[WhiteElo "2123"]
[BlackElo "2073"]
[PlyCount "174"]
[EventDate "2015.08.22"]
[EventType "swiss"]
[EventRounds "9"]
[EventCountry "ESP"]
[SourceTitle "EXT 2016"]
[Source "ChessBase"]
[SourceDate "2015.10.08"]
[SourceVersion "1"]
[SourceVersionDate "2015.10.08"]
[SourceQuality "1"]

1. e4 e5 2. Nc3 Nf6 3. Bc4 Nxe4 4. Qh5 Nd6 5. Bb3 Be7 6. Nf3 0-0 7. Nxe5 Nc6 8. 0-0 Nxe5 9. Qxe5 Bf6 10. Qf4 Bg5 11. Qg4 Ne8 12. d4 Bxc1 13. Raxc1 d5 14. Qf4 c6 15. Rfe1 Qd6 16. Re5 Nf6 17. Rce1 Be6 18. Qh4 Rae8 19. h3 Nd7 20. Rh5 Bf5 21. f3 Bg6 22. Rg5 h6 23. Rg4 Nf6 24. Rxe8 Rxe8 25. Rxg6 fxg6 26. Ne4 Qe7 27. Nxf6+ Qxf6 28. Qxf6 gxf6 29. Kf2 Kf7 30. c3 f5 31. f4 g5 32. Bd1 Kf6 33. g3 gxf4 34. gxf4 Re4 35. Bf3 Rxf4 36. Kg3 Kg5 37. Bg2 h5 38. Bf3 h4+ 39. Kf2 Kf6 40. Ke3 Re4+ 41. Bxe4 dxe4 42. Kf4 Ke6 43. c4 a5 44. a4 b6 45. Ke3 Kd6 46. Kf4 Kc7 47. Ke3 b5 48. b3 b4 49. Kf4 Kd6 50. Ke3 c5 51. d5 Ke5 52. Ke2 f4 53. Kd2 Kf5 54. Ke2 f3+ 55. Ke3 Ke5 56. Kf2 Kf4 57. d6 e3+ 58. Kf1 Kg3 59. d7 e2+ 60. Ke1 Kg2 61. d8Q f2+ 62. Kxe2 f1Q+ 63. Ke3 Qf3+ 64. Kd2 Qc3+ 65. Ke2 Qc2+ 66. Ke1 Qc3+ 67. Ke2 Qf3+ 68. Kd2 Qf2+ 69. Kd3 Kxh3 70. Qd5 Qg3+ 71. Kd2 Qf2+ 72. Kd3 Kh2 73. Ke4 Qg2+ 74. Kf4 Qg3+ 75. Kf5 Qh3+ 76. Kg5 Qg2+ 77. Kxh4 Qxd5 78. cxd5 c4 79. d6 cxb3 80. d7 b2 81. d8Q b1Q 82. Qd2+ Kg1 83. Qe3+ Kf1 84. Qf3+ Kg1 85. Qg3+ Kf1 86. Qf3+ Kg1 87. Qg3+ Kf1 1/2-1/2

[Event "Collado Villalba op-A 32nd"]
[Site "Collado Villalba"]
[Date "2015.08.23"]
[Round "2"]
[White "Montiel Miguelez, Manuel"]
[Black "Cortes Jurado, Rafael"]
[Result "1/2-1/2"]
[WhiteElo "1854"]
[BlackElo "2073"]
[PlyCount "60"]
[EventDate "2015.08.22"]
[EventType "swiss"]
[EventRounds "9"]
[EventCountry "ESP"]
[SourceTitle "EXT 2016"]
[Source "ChessBase"]
[SourceDate "2015.10.08"]
[SourceVersion "1"]
[SourceVersionDate "2015.10.08"]
[SourceQuality "1"]

1. e4 e5 2. Nf3 Nf6 3. Nxe5 d6 4. Nf3 Nxe4 5. Nc3 Nxc3 6. dxc3 Be7 7. Be3 0-0 8. Qd2 Nc6 9. 0-0-0 Ne5 10. Bf4 Ng6 11. h4 Nxf4 12. Qxf4 Qd7 13. Bd3 Qg4 14. Qe3 Bf6 15. Ng5 g6 16. f3 Bxg5 17. hxg5 Qa4 18. Rh6 Re8 19. Qf2 f5 20. gxf6 Qf4+ 21. Qd2 Qxf6 22. Rdh1 Re7 23. g4 Bd7 24. Qh2 Qxf3 25. Rxg6+ hxg6 26. Qh8+ Kf7 27. Qh7+ Kf8 28. Qh8+ Kf7 29. Qh7+ Kf8 30. Qh8+ Kf7 1/2-1/2

[Event "Madrid-chT 1415"]
[Site "Madrid"]
[Date "2015.03.15"]
[Round "14.2"]
[White "Martinez Lozano, Miguel Angel"]
[Black "Cortes Jurado, Rafael"]
[Result "0-1"]
[WhiteElo "2203"]
[BlackElo "2058"]
[PlyCount "46"]
[EventDate "2014.11.23"]
[EventType "team-tourn"]
[EventRounds "14"]
[EventCountry "ESP"]
[SourceTitle "EXT 2016"]
[Source "ChessBase"]
[SourceDate "2015.10.08"]
[SourceVersion "1"]
[SourceVersionDate "2015.10.08"]
[SourceQuality "1"]
[WhiteTeam "Blanco y Negro"]
[BlackTeam "Moratalaz"]
[WhiteTeamCountry "ESP"]
[BlackTeamCountry "ESP"]

1. e4 e5 2. Nf3 Nf6 3. Nc3 Nc6 4. Bb5 Nd4 5. Bc4 Bc5 6. 0-0 0-0 7. h3 c6 8. Nxe5 d5 9. exd5 cxd5 10. Bb3 Qd6 11. Nd3 Bb6 12. Kh1 Re8 13. Ba4 Re6 14. Nb5 Nxb5 15. Bxb5 a6 16. Ba4 Ne4 17. Qg4 Rf6 18. Qh4 Ng3+ 19. Qxg3 Qxg3 20. fxg3 Rxf1+ 21. Kh2 Bf5 22. Bb3 Bxd3 23. cxd3 Rc8 0-1

[Event "Madrid-chT 1415"]
[Site "Madrid"]
[Date "2015.02.15"]
[Round "10.3"]
[White "Gallardo Garcia, Andres"]
[Black "Cortes Jurado, Rafael"]
[Result "0-1"]
[WhiteElo "2329"]
[BlackElo "2058"]
[PlyCount "93"]
[EventDate "2014.11.23"]
[EventType "team-tourn"]
[EventRounds "14"]
[EventCountry "ESP"]
[SourceTitle "EXT 2016"]
[Source "ChessBase"]
[SourceDate "2015.10.08"]
[SourceVersion "1"]
[SourceVersionDate "2015.10.08"]
[SourceQuality "1"]
[WhiteTeam "Liberty Chess"]
[BlackTeam "Moratalaz"]
[WhiteTeamCountry "ESP"]
[BlackTeamCountry "ESP"]

1. g3 g6 2. Bg2 Bg7 3. Nf3 Nf6 4. 0-0 0-0 5. c4 c6 6. d4 d5 7. Qb3 dxc4 8. Qxc4 b5 9. Qb3 a5 10. a4 Qb6 11. axb5 cxb5 12. Na3 b4 13. Nc4 Qb5 14. Nfe5 a4 15. Qf3 Ra7 16. e4 Nbd7 17. b3 a3 18. Bf4 Nh5 19. Be3 Rc7 20. Ng4 Nhf6 21. Nh6+ Kh8 22. e5 Bb7 23. Qf4 Nd5 24. Qh4 Nxe3 25. fxe3 Bxg2 26. Kxg2 Qc6+ 27. Kg1 g5 28. Nxf7+ Rxf7 29. Qxg5 Rxf1+ 30. Rxf1 Nf8 31. Qg4 Qg6 32. Qf3 Rxc4 33. bxc4 b3 34. e4 Qb6 35. c5 Qb5 36. c6 a2 37. c7 Qb7 38. Qc3 b2 39. c8Q Qxc8 40. Qxc8 b1Q 41. Qa8 h6 42. Kg2 Qb2+ 43. Kh3 Kh7 44. Qa6 Ng6 45. Rd1 Qb3 46. Qf1 Qe3 47. Qf7 0-1

[Event "Madrid-chT 1415"]
[Site "Madrid"]
[Date "2015.02.08"]
[Round "9.3"]
[White "Vazquez Torres, Adrian"]
[Black "Cortes Jurado, Rafael"]
[Result "1/2-1/2"]
[WhiteElo "2198"]
[BlackElo "2058"]
[PlyCount "86"]
[EventDate "2014.11.23"]
[EventType "team-tourn"]
[EventRounds "14"]
[EventCountry "ESP"]
[SourceTitle "EXT 2016"]
[Source "ChessBase"]
[SourceDate "2015.10.08"]
[SourceVersion "1"]
[SourceVersionDate "2015.10.08"]
[SourceQuality "1"]
[WhiteTeam "Virgen de Atocha"]
[BlackTeam "Moratalaz"]
[WhiteTeamCountry "ESP"]
[BlackTeamCountry "ESP"]

1. e4 e5 2. Nf3 Nf6 3. Nc3 Nc6 4. Bc4 Nxe4 5. 0-0 Nxc3 6. dxc3 Be7 7. Qd5 0-0 8. Nxe5 Nxe5 9. Qxe5 Bf6 10. Qh5 c6 11. Bf4 d5 12. Bd3 g6 13. Qf3 Bg7 14. Qg3 Qb6 15. Rab1 Re8 16. Bc7 Qc5 17. Bd6 Qb6 18. a4 Bd7 19. b4 Qd8 20. c4 dxc4 21. Bxc4 Be6 22. Bd3 Qf6 23. Bf4 Bf5 24. Rbd1 Bxd3 25. Rxd3 Rad8 26. Re3 Rxe3 27. Bxe3 Qe5 28. Qxe5 Bxe5 29. f4 Bd4 30. Kf2 f5 31. Rb1 Kf7 32. g3 b6 33. Bxd4 Rxd4 34. Ke3 Rc4 35. Kd3 Re4 36. c4 Ke6 37. Ra1 Kd6 38. h3 c5 39. b5 Rd4+ 40. Kc3 Re4 41. Kd3 Rd4+ 42. Kc3 Re4 43. Kd3 Rd4+ 1/2-1/2

[Event "Madrid-chT 1415"]
[Site "Madrid"]
[Date "2015.01.24"]
[Round "7.3"]
[White "Cortes Jurado, Rafael"]
[Black "Renteria Becerra, Jorge Elicer"]
[Result "0-1"]
[WhiteElo "2058"]
[BlackElo "2253"]
[PlyCount "112"]
[EventDate "2014.11.23"]
[EventType "team-tourn"]
[EventRounds "14"]
[EventCountry "ESP"]
[SourceTitle "EXT 2016"]
[Source "ChessBase"]
[SourceDate "2015.10.08"]
[SourceVersion "1"]
[SourceVersionDate "2015.10.08"]
[SourceQuality "1"]
[WhiteTeam "Moratalaz"]
[BlackTeam "Blanco y Negro"]
[WhiteTeamCountry "ESP"]
[BlackTeamCountry "ESP"]

1. d4 Nf6 2. c4 c5 3. d5 b5 4. cxb5 a6 5. f3 axb5 6. e4 Qa5+ 7. Bd2 b4 8. Na3 e6 9. Nc4 Qd8 10. dxe6 dxe6 11. a3 Nc6 12. axb4 Rxa1 13. Qxa1 Nxb4 14. Bxb4 cxb4 15. Qa8 Be7 16. e5 Nd7 17. Bd3 0-0 18. Ne2 Nc5 19. Bb1 Nd3+ 20. Bxd3 Qxd3 21. Qe4 Qxe4 22. fxe4 Bb7 23. Ng3 Ba6 24. Nd6 f6 25. Kd2 fxe5 26. Ra1 Ra8 27. Nc8 Bc5 28. Ra5 Rxc8 29. Rxa6 Bd4 30. Rxe6 Bxb2 31. Nf5 Bc3+ 32. Kc2 Rd8 33. g4 Rd2+ 34. Kb3 Rxh2 35. Re8+ Kf7 36. Re7+ Kf6 37. Rxg7 Bd2 38. Rd7 Rh3+ 39. Kc2 Bf4 40. Kb2 b3 41. Rb7 Bd2 42. Rxb3 Rxb3+ 43. Kxb3 Kg5 44. Kc2 Bb4 45. Kd3 Kxg4 46. Ke2 Bc5 47. Nh6+ Kg3 48. Nf7 Bd4 49. Nh6 Kg2 50. Nf5 Bf2 51. Nh6 Bg3 52. Ng4 h5 53. Ne3+ Kg1 54. Kf3 Bf2 55. Nf5 h4 56. Kg4 Kg2 0-1

[Event "Madrid-chT 1415"]
[Site "Madrid"]
[Date "2015.01.11"]
[Round "5.1"]
[White "Iturbide Arnedo, Oscar"]
[Black "Cortes Jurado, Rafael"]
[Result "1-0"]
[WhiteElo "2168"]
[BlackElo "2058"]
[PlyCount "57"]
[EventDate "2014.11.23"]
[EventType "team-tourn"]
[EventRounds "14"]
[EventCountry "ESP"]
[SourceTitle "EXT 2016"]
[Source "ChessBase"]
[SourceDate "2015.10.08"]
[SourceVersion "1"]
[SourceVersionDate "2015.10.08"]
[SourceQuality "1"]
[WhiteTeam "Pueblo Nuevo"]
[BlackTeam "Moratalaz"]
[WhiteTeamCountry "ESP"]
[BlackTeamCountry "ESP"]

1. e4 e5 2. Nc3 Nf6 3. Bc4 Nxe4 4. Qh5 Nd6 5. Bb3 Nc6 6. Nb5 g6 7. Qf3 Nf5 8. g4 a6 9. gxf5 axb5 10. fxg6 Qe7 11. gxf7+ Kd8 12. d3 Nd4 13. Qh5 h6 14. Nf3 Nxb3 15. cxb3 e4 16. dxe4 Qxe4+ 17. Be3 Bb4+ 18. Kf1 Rf8 19. Bxh6 Ra6 20. Bg5+ Be7 21. Re1 Qd3+ 22. Kg2 Re6 23. Rxe6 dxe6 24. Bxe7+ Kxe7 25. Qg5+ Kd6 26. Qg7 Ke7 27. Ne5 Qe4+ 28. f3 Qe2+ 29. Kg3 1-0

[Event "Madrid-chT 1415"]
[Site "Madrid"]
[Date "2014.12.21"]
[Round "4.3"]
[White "Cortes Jurado, Rafael"]
[Black "Madina Yadarola, Martin"]
[Result "0-1"]
[WhiteElo "2058"]
[BlackElo "2281"]
[PlyCount "68"]
[EventDate "2014.11.23"]
[EventType "team-tourn"]
[EventRounds "14"]
[EventCountry "ESP"]
[SourceTitle "EXT 2016"]
[Source "ChessBase"]
[SourceDate "2015.10.08"]
[SourceVersion "1"]
[SourceVersionDate "2015.10.08"]
[SourceQuality "1"]
[WhiteTeam "Moratalaz"]
[BlackTeam "Casa del Ajedrez"]
[WhiteTeamCountry "ESP"]
[BlackTeamCountry "ESP"]

1. e4 d6 2. d4 Nf6 3. Nc3 c6 4. Be3 Nbd7 5. a3 e5 6. Bc4 Be7 7. h3 0-0 8. Nge2 exd4 9. Nxd4 d5 10. exd5 Nb6 11. Bd3 Nbxd5 12. Nxd5 Nxd5 13. Bd2 Bf6 14. c3 Qb6 15. 0-0 Bxd4 16. cxd4 Qxb2 17. Rb1 Qxa3 18. Qc2 g6 19. Rfe1 Qd6 20. Re5 b6 21. Rbe1 Bd7 22. h4 Rfe8 23. h5 Rxe5 24. dxe5 Qe6 25. Bc4 Qf5 26. Qb3 Be6 27. hxg6 hxg6 28. Bd3 Qh5 29. Qc2 c5 30. g3 Nb4 31. Bxb4 cxb4 32. Re4 b3 33. Qd2 Rd8 34. Rh4 Qxe5 0-1

[Event "Madrid-chT 1415"]
[Site "Madrid"]
[Date "2014.11.30"]
[Round "2.1"]
[White "Martinez Martin, David"]
[Black "Cortes Jurado, Rafael"]
[Result "1-0"]
[WhiteElo "2407"]
[BlackElo "2058"]
[PlyCount "63"]
[EventDate "2014.11.23"]
[EventType "team-tourn"]
[EventRounds "14"]
[EventCountry "ESP"]
[SourceTitle "EXT 2016"]
[Source "ChessBase"]
[SourceDate "2015.10.08"]
[SourceVersion "1"]
[SourceVersionDate "2015.10.08"]
[SourceQuality "1"]
[WhiteTeam "Virgen de Atocha"]
[BlackTeam "Moratalaz"]
[WhiteTeamCountry "ESP"]
[BlackTeamCountry "ESP"]

1. Nf3 Nf6 2. c4 g6 3. g3 Bg7 4. Bg2 0-0 5. 0-0 c6 6. d4 d5 7. cxd5 cxd5 8. Ne5 Nc6 9. Nxc6 bxc6 10. Nd2 Ba6 11. Nb3 Nd7 12. Be3 Rb8 13. Qd2 Nb6 14. Na5 Nc4 15. Nxc4 Bxc4 16. b3 Bb5 17. Rac1 Qb6 18. Rc5 a5 19. Rfc1 a4 20. b4 a3 21. Bf4 Rbd8 22. R1c3 Qa6 23. e3 Rfe8 24. Qc1 Qa4 25. Bc7 Ra8 26. Ba5 Rxa5 27. bxa5 e5 28. Rxa3 Qb4 29. a6 exd4 30. a7 Ra8 31. Rb3 Qa4 32. Rbxb5 1-0

[Event "Madrid-ch final"]
[Site "Madrid"]
[Date "2013.05.31"]
[Round "1.2"]
[White "Cortes Jurado, Rafael"]
[Black "Huerga Leache, Mikel"]
[Result "0-1"]
[WhiteElo "2085"]
[BlackElo "2448"]
[PlyCount "62"]
[EventDate "2013.05.30"]
[EventType "k.o."]
[EventRounds "4"]
[EventCountry "ESP"]
[SourceTitle "EXT 2014"]
[Source "ChessBase"]
[SourceDate "2013.11.20"]
[SourceVersion "1"]
[SourceVersionDate "2013.11.20"]
[SourceQuality "1"]

1. e4 c5 2. c3 d5 3. exd5 Qxd5 4. d4 Nf6 5. Nf3 e6 6. Be2 Be7 7. 0-0 0-0 8. h3 Nc6 9. Be3 cxd4 10. cxd4 Qa5 11. Nbd2 Rd8 12. Nb3 Qa4 13. Qb1 b6 14. Rc1 Bb7 15. Rc4 Qb5 16. a4 Qd5 17. a5 Ba6 18. Rxc6 Bxe2 19. Rc7 Bd6 20. axb6 Bxf3 21. Rcxa7 Bxg2 22. Rxa8 Rxa8 23. Rxa8+ Qxa8 24. Qa1 Qxa1+ 25. Nxa1 Bd5 26. Bd2 Kf8 27. Nc2 Ke8 28. Bb4 Kd7 29. Bc5 Bb7 30. Nb4 Nd5 31. Nd3 Nf4 0-1

[Event "Madrid-ch sf-A"]
[Site "Madrid"]
[Date "2013.03.18"]
[Round "5"]
[White "De la Puerta Cresis, Javier"]
[Black "Cortes Jurado, Rafael"]
[Result "1/2-1/2"]
[WhiteElo "2019"]
[BlackElo "2085"]
[PlyCount "41"]
[EventDate "2013.03.11"]
[EventType "swiss"]
[EventRounds "9"]
[EventCountry "ESP"]
[SourceTitle "CBM 153 Extra"]
[Source "ChessBase"]
[SourceDate "2013.04.22"]
[SourceVersion "1"]
[SourceVersionDate "2013.04.22"]
[SourceQuality "1"]

1. e4 e5 2. Nf3 Nf6 3. d4 Nxe4 4. Bd3 d5 5. Nxe5 Nd7 6. Nxd7 Bxd7 7. 0-0 Bd6 8. Bxe4 dxe4 9. Nc3 0-0 10. Nxe4 Bxh2+ 11. Kxh2 Qh4+ 12. Kg1 Qxe4 13. Re1 Qg6 14. Bf4 Rfe8 15. Qd2 c6 16. c4 Rxe1+ 17. Rxe1 Re8 18. Be5 Qe6 19. d5 cxd5 20. cxd5 Qf5 21. Bd4 1/2-1/2

[Event "Madrid-ch sf-A"]
[Site "Madrid"]
[Date "2013.03.14"]
[Round "4"]
[White "Cortes Jurado, Rafael"]
[Black "Arauz Alonso, Fernando"]
[Result "1/2-1/2"]
[WhiteElo "2085"]
[BlackElo "2084"]
[PlyCount "22"]
[EventDate "2013.03.11"]
[EventType "swiss"]
[EventRounds "9"]
[EventCountry "ESP"]
[SourceTitle "CBM 153 Extra"]
[Source "ChessBase"]
[SourceDate "2013.04.22"]
[SourceVersion "1"]
[SourceVersionDate "2013.04.22"]
[SourceQuality "1"]

1. d4 d5 2. c4 e6 3. Nc3 Nf6 4. Bg5 Be7 5. Nf3 0-0 6. e3 c6 7. Qc2 Nbd7 8. cxd5 exd5 9. Bd3 Re8 10. 0-0 Nf8 11. Bxf6 Bxf6 1/2-1/2

[Event "Madrid-ch sf-A"]
[Site "Madrid"]
[Date "2013.03.12"]
[Round "2"]
[White "Cortes Jurado, Rafael"]
[Black "Lorenzo Bailador, Alfredo"]
[Result "1/2-1/2"]
[WhiteElo "2085"]
[BlackElo "2016"]
[PlyCount "129"]
[EventDate "2013.03.11"]
[EventType "swiss"]
[EventRounds "9"]
[EventCountry "ESP"]
[SourceTitle "CBM 153 Extra"]
[Source "ChessBase"]
[SourceDate "2013.04.22"]
[SourceVersion "1"]
[SourceVersionDate "2013.04.22"]
[SourceQuality "1"]

1. d4 d5 2. c4 e6 3. Nc3 Be7 4. Nf3 Nf6 5. Bf4 0-0 6. e3 c5 7. dxc5 Bxc5 8. cxd5 Nxd5 9. Nxd5 exd5 10. Bd3 Bb4+ 11. Ke2 Nc6 12. Bc2 Re8 13. Qd3 g6 14. Nd4 Qf6 15. Kf1 Bf8 16. Bg3 Bg7 17. Ba4 Nxd4 18. exd4 Bf5 19. Qb3 Re7 20. Be5 Qa6+ 21. Bb5 Qb6 22. Re1 a6 23. Bxg7 Rxe1+ 24. Kxe1 Kxg7 25. Be2 Qxd4 26. Qc3 Qxc3+ 27. bxc3 h5 28. Kd2 Rc8 29. Bf3 Rc5 30. Re1 Kf6 31. Re8 Ra5 32. a4 Bd7 33. Rb8 Bc6 34. Bd1 Rc5 35. Kd3 Rc4 36. Bb3 Re4 37. Rd8 Ke7 38. Bxd5 Rxa4 39. Bxc6 bxc6 40. Rc8 Kd7 41. Rf8 Ke7 42. Rc8 Kd7 43. Rf8 Rf4 44. Ke3 Rf5 45. Ra8 a5 46. h3 Re5+ 47. Kd3 Rd5+ 48. Ke3 Re5+ 49. Kd3 Kd6 50. Ra7 Rf5 51. Ke3 Re5+ 52. Kd3 Rd5+ 53. Ke3 Ke6 54. Rc7 Re5+ 55. Kd3 Rd5+ 56. Kc4 Rd2 57. Rxc6+ Ke7 58. Rc7+ Ke6 59. Rc6+ Ke7 60. Rc7+ Kf8 61. f4 Rxg2 62. f5 Rg3 63. f6 Ke8 64. Re7+ Kf8 65. Rd7 1/2-1/2

[Event "Mostoles op 5th"]
[Site "Mostoles"]
[Date "2012.07.19"]
[Round "1"]
[White "Yeves Miquel, Enrique"]
[Black "Cortes Jurado, Rafael"]
[Result "0-1"]
[WhiteElo "1758"]
[BlackElo "2106"]
[PlyCount "50"]
[EventDate "2012.07.19"]
[EventType "swiss"]
[EventRounds "9"]
[EventCountry "ESP"]
[SourceTitle "EXT 2013"]
[Source "ChessBase"]
[SourceDate "2012.11.22"]
[SourceVersion "1"]
[SourceVersionDate "2012.11.22"]
[SourceQuality "1"]

1. d4 Nf6 2. c4 e6 3. Nc3 Bb4 4. Qc2 0-0 5. a3 Bxc3+ 6. Qxc3 b6 7. Bg5 Bb7 8. e3 d5 9. f3 Nbd7 10. Bd3 Re8 11. Nh3 h6 12. Bxf6 Nxf6 13. 0-0 Rc8 14. c5 bxc5 15. Qxc5 a6 16. b4 Qd6 17. Rac1 Nd7 18. Qa5 e5 19. Rfe1 exd4 20. exd4 Qf6 21. Rxe8+ Rxe8 22. Qxc7 Qxd4+ 23. Nf2 Rc8 24. Qxd7 Rxc1+ 25. Bf1 Qc4 0-1